000 00199nam a22000977a 4500
041 _aENG
245 _aDrinage Engineering
260 _aDelhi
_bILRI Pub
_c1996
650 _aIDE
856 _uIDE ( 18 )
999 _c1513
_d1513